| 000 | 00809nam a2200217 4500 | ||
|---|---|---|---|
| 001 | 111633 | ||
| 003 | ES-MaACL | ||
| 005 | 20230906185332.0 | ||
| 007 | t| | ||
| 008 | 061121s1984 sp r ||||1| spa d | ||
| 110 | 2 |
_aOrganización de Cooperación y Desarrollo Económico. _9167502 |
|
| 245 | 1 | 3 |
_aEl paro juvenil _b: causas y consecuencias / _cOrganización de Cooperación y Desarrollo Económico ; traducción de Jesús Fernández Zulaica. |
| 260 |
_aMadrid : _bMinisterio de Trabajo y Seguridad Social, _c1984. |
||
| 300 |
_a187 p. ; _c22 cm. |
||
| 490 | 1 | _aInformes ocde | |
| 700 | 1 |
_aFernández Zulaica, Jesús. _950198 |
|
| 710 | 1 |
_aEspaña. _bMinisterio de Trabajo y Seguridad Social. _93936 |
|
| 830 | 0 |
_aInformes ocde _9185686 |
|
| 852 |
_aES-MaACL _jL-7308 _bR.107406 |
||
| 999 |
_c111633 _d111633 |
||